Normal view
MARC view
- PHYSICAL GEOLOGY GEOLOGY,PHYSICAL
Entry Topical Term
001 - CONTROL NUMBER
- control field: 56221
003 - CONTROL NUMBER IDENTIFIER
- control field: NUST
005 - DATE AND TIME OF LATEST TRANSACTION
- control field: 20210628201647.0
008 - FIXED-LENGTH DATA ELEMENTS
- fixed length control field: 210628|| aca||aabn | a|a d
040 ## - CATALOGING SOURCE
- Original cataloging agency: NUST
- Transcribing agency: NUST
150 ## - HEADING--TOPICAL TERM
- Topical term or geographic name entry element: PHYSICAL GEOLOGY GEOLOGY,PHYSICAL
670 ## - SOURCE DATA FOUND
- Source citation: Work cat.: (NUST): Davis, Paul.M Reed, Walter.E Davidson, Jon.P 56220, Exploring earth an introduction to physical geology, 1997
